MDQL
is popping MORE tags! Check the
thread
!
Quizzes
Events
Quiz Creation
Community
Videos
Private Events
Remove Ads
Sign In
Join for FREE
Feedback
Dark Mode
Quiz Categories
Sports
Geography
Music
Movies
Television
Just For Fun
Miscellaneous
History
Literature
Language
Science
Gaming
Entertainment
Religion
Holiday
For Kids
Quiz Lab
Recent
Popular Today
Quiz Kudos Today
Editor Picks
Curator Picks
Quizzes by...
Day
Popularity
Type
Ratings
Length
Year
Community
Subscriptions
Recent Discussions
Orange Saloon
Badges
Playlists
Quests
Create
Leaderboards
Showdown
Live 5
Trivia Bingo
Activity
Puzzle Library
Sporcle Events
Private Events
Virtual Trivia
Globe League
Become a Host
Pub Owners
SporcleCon
Opinionation
Our Games
Videos
Blog
Mobile Apps
Partnerships
Remove Ads and Go Orange
Feedback
Entertainment
Celebrity
Famous
Musical
Broadway
Show
Quote
Comic Books
Anime
Superhero
DC Comics
Marvel
Cartoons
Animation
Entertainment
Celebrity
Famous
Musical
Broadway
Show
Quote
Comic Books
Anime
Superhero
DC Comics
Marvel
Cartoons
Animation
Random Quiz
Search Sporcle
×
Quiz Lab
Quiz Lab
Entertainment
Subscribed
Type in answers that appear in a list
Type in answers that appear in a list
Classic
Best Score? Go Orange.
Most Subscribed Youtubers Stats
Can you name the most Subscribed Youtubers?
By
ILoveSBSP
10m
39 Questions
54 Plays
54 Plays
54 Plays
Comments
Comments
Give Quiz Kudos
Give Quiz Kudos
-
- Ratings
hide this ad
Replay
Link that replays current quiz
Next Quiz
Link to next quiz in quiz playlist
You Got
0%
They Got
Avg Score
17%
Avg Friend Score
Upgrade to see
Score Distribution
Jump to the score distribution portion of the page
Score
0/39
Timer
10:00
0
Plays Today
Subscribers
Youtuber
% Correct
Nearly 3 million
smosh
79.6%
Over 4 million
nigahiga
68.5%
Over 4 million
RayWilliamJohnson
50%
Over 2 million
Fred
50%
About 2 and a half million
ShaneDawsonTV
38.9%
About 1 million
ijustine
24.1%
Nearly 3 million
machinima
22.2%
Nearly 2 million
Annoying Orange
22.2%
Nearly 2 million
ShaneDawsonTV2
18.5%
About 1 and a quarter million
EpicMealTime
18.5%
About 1 million
Tobuscus
18.5%
About 2 million
CollegeHumor
16.7%
About 1 and 3/
4 million
sxephil
14.8%
About 1 and a half million
KassemG
14.8%
About 1 and a half million
davedays
14.8%
About 1 million
charlieissocoollike
14.8%
Nearly 2 million
MysteryGuitarMan
13%
Nearly 2 million
freddiew
13%
About 1 and 3/
4 million
kevjumba
13%
About 1 million
FPSRussia
13%
Subscribers
Youtuber
% Correct
About 1 million
RihannaVEVO
13%
About 1 and a half million
failblog
11.1%
About 1 and a quarter million
kidrauhl
11.1%
About 1 million
VenetianPrincess
11.1%
About 1 and a half million
MichellePhan
9.3%
About 1 and a quarter million
thelonelyisland
9.3%
About 1 million
RoosterTeeth
9.3%
About 1 and a half million
barelypolitical
7.4%
About 1 and a quarter million
machinimarespawn
7.4%
About 1 and a quarter million
yourfavoritemartian
7.4%
About 1 and a quarter million
IGNentertainment
7.4%
About 1 million
WHATTHEBUCKSHOW
7.4%
About 1 million
universalmusicgroup
7.4%
About 1 million
TheStation
7.4%
About 1 million
KurtHugoSchneider
5.6%
About 1 million
SelGomez
5.6%
About 1 million
makemebad35
5.6%
About 1 million
householdhacker
3.7%
About 1 million
schmoyoho
3.7%
Quiz Playlist
Details
Report
Send in Message
Add To Playlist
Classic:
Type in answers that appear in a list
Last Updated: Feb 16, 2017
Quiz Scoreboard
CHALLENGE
Sign Up to Join the Scoreboard
Show All
Scores
Hide
Comments
May contain spoilers
Recently Published
Street Fighter Characters
by Artimus82
Gaming
60s
9x9 Crossword: Cartoon Network
by jackfrog10
Miscellaneous
3m
College Basketball Coaching Resumes
by pancakes188
Sports
9m
More to Explore
Quiz From the Vault
Featured Blog Post
Where Did the Easter Bunny Come From?
hide this ad
You Might Also Like...
Tags
Subscribed
Subscriber
Youtube
Today's Top Quizzes in Entertainment
Browse Entertainment
hide this ad
Top Contributed Quizzes in Entertainment
1
7-to-1: DC Comics Villains
2
Marvel Characters Bunker
3
Eurovision 2023 Logic Puzzle
4
Dragon Ball Z: Goku's Fights in Order
5
Sorting Pictures: Villains
6
Criteria Quickie: Cartoon Taxonomy II
7
7-to-1: One Piece
8
Mini Trivia Sudoku: Musicals
9
Fictional Villains Letter U Blitz
10
Kamen Rider Motifs
Explore More
Trending Topics
Kpop
Harry Potter
NBA
Crossword
Anime
Disney
Marvel
Pokémon
Soccer
Country
The Office
Song
WWE
NFL
Puzzle
hide this ad
More By:
ILoveSBSP
Quiz
Plays
Rating
Category
Featured
Created
This One Goes to 12
64,934
4.26
Miscellaneous
Aug 8, 2011
Who Wants to Be a Sporcle Millionaire?
36,965
2.51
Just For Fun
Jul 23, 2012
Freaky Headings
839
4.29
Language
Jul 15, 2011
Countries by Canals
235
4.00
Geography
Jan 25, 2012
The 20th Century
133
3.67
History
Jul 15, 2012
Go to Creator's Profile
Score Distribution
Quiz Creator Spotlight
ILoveSBSP
Follow
Send a Message
Quizzes Created
-
Created Quiz Play Count
-
More By This Creator
Popular Quizzes Today
1
Find the US States - No Outlines Minefield
2
Find the Countries of Europe - No Outlines Minefield
3
The Countries of the World
4
Find the US States
5
Risky Map Clicking: Biggest States A-Z
6
US States
7
Popular People in 1961
8
Movies - When Are They Set?
More Entertainment Quizzes
Iconic Duos: Who Is Older?
Published
Trending Quizzes
Risky Map Clicking: Least Populous States A-Z
Countries of the World: 200 Million BC
1-10 Letter G Words
Risky Map Clicking: Next State Alphabetically
Adjectives in 80s TV Shows
Recently Updated
Leaping Animals
pecheneg
Reality TV Shows (A-Z)
bhenderson79
Rickey Henderson's Hall of Fame Teammates
pecheneg
Champions League XIs: Arsenal
pecheneg
Quick Pick: Celebrities in WWE's Hall of Fame
aduchscher
A-Z Keypad Blitz II
pecheneg
Multiple Oscar Actors
pecheneg
Mystery Phrase Blitz: Oscar 'Best Actors'
pecheneg
F. Scott Fitzgerald Novels
LTH
Pick 3 Villains
ddd62291
Trending Topics
Harry Potter
Disney
NBA
Marvel
Anime
Crossword
Kpop
Song
Soccer
Pokémon
NFL
WWE
Puzzle
The Office
Country
Your Account Isn't Verified!
In order to create a playlist on Sporcle, you need to verify the email address you used during registration. Go to your
Sporcle Settings
to finish the process.
Report this User
Report this user for behavior that violates our
Community Guidelines
.
Details:
Send Report
Go to the Sporcle.com Mobile Site →
Comments